| Tag |
First Indicator |
Second Indicator |
Subfields |
| LEADER |
00000cam a2200000 4500 |
| 001 |
in00000066870 |
| 005 |
20151008050805.0 |
| 008 |
751208s1934 nyu 00010 eng |
| 010 |
|
|
|a 34035629
|
| 035 |
|
|
|a (OCoLC)01880371
|
| 035 |
|
|
|9 AAG3380AM
|
| 040 |
|
|
|a DLC
|c FQG
|d TXA
|d UtOrBLW
|
| 049 |
|
|
|a TXAM
|c 1 [86987]
|
| 050 |
0 |
0 |
|a HN389
|b .H9 1934
|
| 082 |
0 |
|
|a 309.142
|
| 092 |
|
|
|a 309.142
|b H986i
|
| 100 |
1 |
|
|a Huxley, Julian,
|d 1887-1975.
|
| 245 |
1 |
0 |
|a If I were dictator /
|c by Julian Huxley.
|
| 264 |
|
1 |
|a New York,
|a London :
|b Harper & brothers,
|c [1934]
|
| 264 |
|
4 |
|c [©1934]
|
| 300 |
|
|
|a vii, pages, 1 ., 162 pages ;
|c 21 cm.
|
| 336 |
|
|
|a text
|b txt
|2 rdacontent
|
| 337 |
|
|
|a unmediated
|b n
|2 rdamedia
|
| 338 |
|
|
|a volume
|b nc
|2 rdacarrier
|
| 500 |
|
|
|a "First edition."
|
| 650 |
|
0 |
|a Research.
|
| 651 |
|
0 |
|a Great Britain
|x Social conditions.
|
| 651 |
|
0 |
|a Great Britain
|x Economic policy.
|
| 740 |
0 |
|
|a Dictator, If I were.
|
| 999 |
|
|
|a MARS
|
| 999 |
f |
f |
|s 88bf90c0-1c4c-3fd4-a823-32a66e61c507
|i 2923d717-369e-3c3c-875d-d1c273975e7b
|t 0
|
| 952 |
f |
f |
|p ric
|a Texas A&M University
|b Rellis Campus
|c Joint Library Facility
|d Remote Storage
|t 0
|e HN389 .H9 1934
|h Library of Congress classification
|i unmediated -- volume
|m A14800648627
|
| 998 |
f |
f |
|a HN389 .H9 1934
|t 0
|l Remote Storage
|